000 00739cam a22001814a 4500
020 _a019513365X (alk. paper)
050 0 0 _aRC480.6
_b.C74 2000
245 0 0 _aCrisis intervention handbook :
_bassessment, treatment, and research /
_cedited by Albert R. Roberts.
250 _a2nd ed.
260 _aOxford [UK] ;
_aNew York [USA] :
_bOxford University Press,
_c2000.
300 _axxix, 554 p. :
500 _aIncludes glossary and index.
650 _xCrisis intervention (mental health services) ;
_xCommunity mental health services.
700 1 _aRoberts, Albert R.
856 4 2 _uhttp://www.loc.gov/catdir/enhancements/fy0603/99048950-d.html
856 4 1 _uhttp://www.loc.gov/catdir/enhancements/fy0603/99048950-t.html
942 _2lcc
_cGEN
999 _c5877
_d5877